Statistiken für Städte entlang der Donau

Klicken Sie hier um das Quiz zu spielen!

Allgemein

  • Dieses Quiz wurde 96 mal gespielt
  • Das Durchschnittsergebnis liegt bei 12 aus 23

Antwortstatistiken

HinweisLand#EinwohnerStadt% Korrekt
Hauptstadt Ungarns, Halászbástya, Margaret-InselHUB1.752.700Budapest
99%
Stadt an der Grenze zu ÖsterreichDEP52.500Passau
98%
Hauptstadt Österreichs, DonauinselATW1.897.500Wien
98%
Hauptstadt der Slowakei, Thebener Burg, SlavinSKB432.900Bratislava
97%
Hauptstadt Oberösterreich, Unternehmenssitz VoestalpineATL205.700Linz
95%
Deutsche Stadt im Osten Baden-WürttembergsDEU126.300Ulm
92%
Hauptstadt Serbiens, Knez Mihailova, Avala-TurmRSB1.344.800Belgrad
91%
Stadt mit alter und gut erhaltener AltstadtDER152.600Regensburg
91%
Unternehmenssitz Audi, KreuztorDEI137.000Ingolstadt
90%
Zusammenfluss von Breg und BrigachDED22.500Donaueschingen
56%
Trägt den Titel "Tor zur Wachau", Großes SchlossATM5.600Melk
48%
Ehemaliger Militärischer Stützpunkt Österreichs, BenediktinerabteiHUG131.300Győr
47%
Steintor, Fundort "Venus von Willendorf"ATK24.900Krems
44%
Hauptstadt der Vojvodina, MarienkircheRSN231.800Novi Sad
44%
Stadt der Wachau, wo Löwenherz gefangen gehalten wurdeATD800Dürnstein
31%
Stadt im Norden Bulgariens, Theater Sawa OgnianowBGR144.900Russe
27%
Stadt mit Schloss zwischen Bodensee und StuttgartDES17.300Sigmaringen
27%
Kroatische Stadt an der Vuka, Schloss EltzHRV32.000Vukovar
17%
Standort der Burg Zitadelle mit SalamonturmHUV1.900Visegrád
16%
Stadt in der Walachei, Maria Filotti TheaterROB180.300Brăila
14%
Kleine Stadt südwestlich von Odessa, in der Nähe des DonaudeltasUAI85.100Ismajil
10%
Standort einer der bedeutendsten Festungen des Königreich UngarnsSKK33.900Komorn
9%
Frankenstadt, Zufluss des SugovicaHUB37.500Baja
7%

Verteilung der Resultate

Perzentil nach korrekt beantworteten Fragen

Anzahl Personen mit jedem Resultat

Ihre Resultats-Entwicklung

Sie haben dieses Quiz noch nicht gespielt